Miasta Polski po zdjęciu - Statystyki

Ogólne statystyki
  • Ten quiz został rozwiązany 74 razy
  • Średni wynik to 5 z 8
Statystyki odpowiedzi
Obrazkowy Odpowiedź % Poprawnych
Warszawa
100%
Gdańsk
95%
Wrocław
84%
Katowice
80%
Poznań
77%
Słupsk
8%
Łomża
5%
Żywiec
3%
Nie znaleziono quizów pasujących do podanych kryteriów
Rozkład punktacji
Procent ludzi z każdym wynikiem
Percentyl według liczby udzielonych odpowiedzi
Twoja historia wyników
Nie rozwiązałeś tego quizu